Taylor Swift - You Need To Calm Down (All Lyrics) - Statistiques

Statistiques générales
  • Ce quiz a été pris 69 fois
  • Le résultat moyen est 257 sur 346
Statistiques - réponses
Réponse % Correct
A
100%
You
100%
(You
100%
I
98%
Are
96%
So
96%
So,
96%
That
96%
And
95%
Know
95%
To
95%
Don’t
93%
Calm
91%
Down
91%
Down)
91%
It
91%
Like
91%
Like,
91%
Need
91%
(Oh)
91%
In
89%
It’s
89%
Somebody
89%
Just
88%
Your
88%
Be
86%
Me
86%
The
86%
But
84%
My
82%
You’re
82%
(You’re
82%
Loud
80%
Loud)
80%
No
80%
On
80%
I’m
79%
Too
79%
We
79%
Being
75%
Never
75%
Okay? »
75%
Can
73%
(Can
73%
« Damn,
73%
Less
73%
Mad?
73%
Not
73%
Taken
73%
a.m. »
71%
At
71%
Stop
70%
Stop?)
70%
« Hey,
68%
Shots
68%
Step
68%
All
66%
Gay
66%
Street,
66%
Street
66%
Who
66%
Anybody
63%
Shade
63%
Taking
63%
That’s
63%
Why
63%
Could
61%
Gown?
61%
Is
61%
Patrón
61%
Parade
59%
Say
59%
When
57%
Bones
55%
GLAAD?
55%
GLAAD)
55%
Hate
55%
Broke
54%
Knock-out
54%
Oh-oh,
54%
Oh-oh
54%
‘Cause
52%
Fun
52%
Internet
52%
Made
52%
Friends
50%
Girls
50%
Night
50%
Out
50%
Over
50%
See
50%
Comparing
48%
Stones
48%
Take
48%
There
48%
About
46%
Killing
46%
People
46%
Tweet,
46%
Snakes
45%
Try
45%
Dark
43%
Else
43%
Figured
43%
Coming
41%
Cop-out
41%
Crowns
41%
Got
41%
Now,
41%
Scream
41%
Sign,
41%
Lesson
39%
Rather
39%
I’ve
38%
Making
38%
With
38%
Must’ve
36%
Our
36%
Self-expression
36%
Stressin’
36%
Sunshine
36%
Missile
34%
Obsessin’
34%
Seats
34%
Trying
34%
Ain’t
32%
Control
32%
Learned
32%
Would
32%
Ages
30%
‘Bout
30%
Mess
30%
Several
30%
Peace
29%
Then
29%
His
25%
Restore
23%
Urges
23%
7:00
21%
Gowns?
18%
Aucun quiz correspondant
Distribution des résultats
% des personnes avec chaque résultat
Percentile par nombre de réponses
Votre historique - résultats
Vous n’avez pas pris ce quiz